000 00381nam a2200145Ia 4500
008 230917s9999||||xx |||||||||||||| ||und||
040 _e135504
_aMAIN
041 _aEnglish
082 _a338.4791 S29T
100 _aScheyvens, Regina
245 0 _aTourism for development: Empowering communities
260 _aHarlow
_bPearson education
_c2002
300 _a272 p.
942 _cBK
999 _c152913
_d152913